| 000 | 00451 a2200169 4500 | ||
|---|---|---|---|
| 020 | _a1579550088 | ||
| 020 | _a1579550088 | ||
| 040 |
_aDLC _bDLC |
||
| 082 | 0 | 0 | _a500 |
| 100 | 1 | _aWolfram, Stephen. | |
| 245 | 1 | 2 |
_aA new kind of science _cStephen Wolfram. |
| 260 |
_aChampaign, IL : _bWolfram Media, _c2002 |
||
| 300 |
_axiv, 1197 p. : _bill. ; _c25 cm. |
||
| 650 | 0 | _aCellular automata. | |
| 650 | 0 | _aComputational complexity. | |
| 942 |
_cBK _k510 WOL _2ddc |
||
| 999 |
_c4442 _d4442 |
||